| 000 | 00508nam a2200169Ia 4500 | ||
|---|---|---|---|
| 005 | 20250716161223.0 | ||
| 020 | _a9781846684302 | ||
| 082 | _a330ACE | ||
| 100 | _aAcemoglu, Daron. | ||
| 245 | 0 |
_aWhy nations fail: _bthe origins of power, prosperity and poverty |
|
| 250 | _a1st ed. | ||
| 260 |
_aNew York _bCrown Publishers _c2012 |
||
| 300 | _a529 p. : ill., map ; 25 cm. | ||
| 500 | _aIncludes bibliographical references (p. [465]-509) and index. | ||
| 650 | _aEconomics -Political aspects. | ||
| 942 | _cBK | ||
| 999 |
_c5731 _d5731 |
||